Bytový dom

Saved in:
Bibliographic Details
Main Author: Štefan, Norbert, 1990- (Author)
Other Authors: Ingeli, Rastislav, 1983- (Thesis advisor)
Format: Manuscript Book
Language:Slovak
Published: Bratislava : STU v Bratislave SvF, 2013
Subjects:
Online Access:VAIS
https://opac.crzp.sk/?fn=detailBiblioForm&sid=839654DF12ADE2F5228A94FB778B
Tags: Add Tag
No Tags, Be the first to tag this record!

MARC

LEADER 00000ntm a22000003a 4500
001 stu272102
005 20231114083951.5
008 130720s2013----xo------------------slo-d
040 |a STU  |b slo 
041 0 |a slo 
044 |a xo 
100 1 |a Štefan, Norbert,  |d 1990-  |4 aut  |u V  |T SvF Stavebná fakulta  |X 67711  |U V  |Y 10  |7 A000067711 
242 0 0 |a Apartment building the Sunny Garden  |y eng 
245 1 |a Bytový dom 
260 |a Bratislava :  |b STU v Bratislave SvF,  |c 2013 
650 7 |a building  |2 estusub 
650 7 |a projekt  |2 stusub 
650 7 |a dom  |2 stusub 
700 1 |a Ingeli, Rastislav,  |d 1983-  |4 ths  |u V180  |U SvF Stavebná fakulta  |T SvF Katedra konštrukcií pozemných stavieb  |X 23863  |U V180  |Y 18  |7 A000023863 
856 4 |a info a plný text  |u http://is.stuba.sk/zp/portal_zp.pl?podrobnosti=68528  |3 VAIS 
856 4 |a CRZP  |u https://opac.crzp.sk/?fn=detailBiblioForm&sid=839654DF12ADE2F5228A94FB778B